Motivácia prostredníctvom spätnej väzby

Pojem spätná väzba a ako s ňou vieme v práci motivovať. Dôležité faktory pre efektívnu spätnú väzbu. Motivujúca spätná väzba, jej dávanie a prijímanie.

Gespeichert in:
Bibliographische Detailangaben
1. Verfasser: Kopčíková, Mária
Format: Buchkapitel
Sprache:Slowakisch
Schlagworte:
Tags: Tag hinzufügen
Keine Tags, Fügen Sie das erste Tag hinzu!

MARC

LEADER 00000naa a2200000 4500
001 0260580
005 20200102093436.0
041 0 |a slo 
044 |a SK 
245 1 0 |a Motivácia prostredníctvom spätnej väzby  |c Mária Kopčíková 
520 |a Pojem spätná väzba a ako s ňou vieme v práci motivovať. Dôležité faktory pre efektívnu spätnú väzbu. Motivujúca spätná väzba, jej dávanie a prijímanie. 
610 2 0 |a väzba spätná 
610 2 0 |a motivácia pracovná 
610 2 0 |a komunikácia 
610 2 0 |a zamestnanci 
610 2 0 |a manažéri 
610 2 0 |a výkony pracovné 
100 1 |a Kopčíková, Mária